|
|
|
|
| LEADER |
01102nam a2200313 4500 |
| 001 |
000004273 |
| 003 |
405 |
| 005 |
20121211001211.0 |
| 008 |
110718s2004 viesd |
| 020 |
|
|
|c 162000
|
| 041 |
0 |
|
|a vie
|
| 082 |
|
|
|a 895.92208
|b CA-Đ
|
| 245 |
1 |
0 |
|a Cao Huy Đỉnh - Tuyển tập tác phẩm
|c Từ Thị Cung sưu tầm ; Ngô Văn Doanh giới thiệu
|
| 260 |
|
|
|a H.
|b Trung tâm văn hóa ngôn ngữ Đông Tây
|b Lao động
|c 2004
|
| 300 |
|
|
|a 1015 tr.
|c 24 cm.
|
| 653 |
|
|
|a Văn học Việt Nam
|
| 653 |
|
|
|a Nghiên cứu văn học
|
| 700 |
1 |
|
|a Từ Thị Cung
|e sưu tầm
|
| 910 |
|
|
|a Thi
|d 18/7/2011
|
| OWN |
|
|
|a LSP
|
| AVA |
|
|
|a UDN50
|b LSP
|d 895.92208 CA-Đ
|e available
|t Error 5001 Not defined in file expand_doc_bib_avail.
|f 5
|g 0
|h N
|i 0
|k 1
|
| 999 |
|
|
|a From the UDN01
|
| AVA |
|
|
|a UDN50
|b LSP
|d 895.92208 CA-Đ
|e available
|t Error 5001 Not defined in file expand_doc_bib_avail.
|f 5
|g 0
|h N
|i 0
|k 1
|
| TYP |
|
|
|a Monograph
|
| TYP |
|
|
|a Printed language
|
| 980 |
|
|
|a Mạng thư viện Đại học Đà Nẵng
|